[Event "EU-chT 25th"]
[Site "Batumi"]
[Date "2025.10.12"]
[Round "7.26"]
[White "Anton Guijarro, David"]
[Black "Hovhannisyan, Robert"]
[Result "1/2-1/2"]
[WhiteElo "2631"]
[BlackElo "2633"]
[PlyCount "204"]
[EventDate "2025.10.05"]
[EventType "team-swiss"]
[EventRounds "9"]
[EventCountry "RUS"]
[SourceTitle "Mega2025 Update 50"]
[Source "Chessbase"]
[SourceDate "2025.10.20"]
[SourceVersion "1"]
[SourceVersionDate "2025.10.20"]
[SourceQuality "1"]
[WhiteTeam "Spain"]
[BlackTeam "Armenia"]
[WhiteTeamCountry "ESP"]
[BlackTeamCountry "ARM"]

1. d4 d5 2. c4 e6 3. Nc3 Nf6 4. cxd5 exd5 5. Bg5 c6 6. Qc2 h6 7. Bh4 g6 8. e3 Bf5 9. Bd3 Bxd3 10. Qxd3 Nbd7 11. Nge2 Bg7 12. f3 {is the legacy move (12.0-0). ist old school (12.0-0).} O-O 13. O-O Re8 14. Bf2 ({RR} 14. Rad1 Qe7 15. Bf2 b5 16. Rfe1 Nb6 17. b3 h5 18. Kh1 Nc8 19. Ng3 Nd6 20. h3 a5 21. Rc1 Bh6 22. Rc2 h4 23. Nf1 Nh5 24. Rec1 Ra6 25. a4 Qb7 26. Bxh4 b4 27. Ne2 Re6 28. g4 Ng7 {Ebrahimi Herab,H (2384)-Ucoluk,U (2057) Mersin TUR 2025 1-0 (47)}) 14... Qe7 15. Rfe1 $146 ({RR} 15. Rae1 Rad8 16. h3 a6 17. Nf4 Nf8 18. Qd1 Ne6 19. Nd3 Nd7 20. Qb3 Ndf8 21. f4 f5 22. Ne5 Bxe5 23. fxe5 Nh7 24. Re2 Rf8 25. Bg3 Rf7 26. Ref2 Rdf8 27. Qd1 Nhg5 28. a3 Kg7 29. Kh2 Ne4 {Esipenko,A (2492)-Rakhmanov,A (2665) Zuerich 2017 0-1 (100)}) 15... Rad8 $146 (15... Nf8 16. Nf4 Ne6 17. Nxe6 Qxe6 18. Rad1 Rad8 19. h3 Nh5 20. g4 Nf6 21. Kg2 Bf8 {½-½ Fleetwood,D (2583)-Dzwikowski,A (2477) W-ch38 q02 email 2018}) 16. Rac1 Nf8 17. h3 Ne6 18. Qd2 Nd7 19. Qc2 Nb6 20. b3 Bf6 21. Nd1 Nc8 22. Nb2 Bh4 23. g3 Bf6 24. Kg2 Bg7 25. g4 Nd6 26. Nd3 Bf6 27. Nef4 Nf8 28. Bg1 Ne6 29. Bf2 Nf8 30. a4 Bh4 31. Bxh4 Qxh4 32. Ne5 a6 33. Qf2 Qxf2+ 34. Kxf2 Ne6 35. Ned3 Nxf4 36. exf4 a5 37. Re5 f6 38. Re3 Kf7 39. Rc5 Ra8 40. Rc1 Rxe3 41. Kxe3 h5 42. f5 gxf5 43. gxh5 f4+ 44. Kxf4 Rh8 45. h4 Rxh5 46. Rh1 Nf5 47. Kg4 Ng7 48. Rb1 f5+ 49. Kg3 Rh7 50. b4 axb4 51. Rxb4 Kf6 52. Nf4 Ne6 53. Nxe6 Kxe6 54. a5 Rg7+ 55. Kf4 Rh7 56. Kg3 Rg7+ 57. Kh3 f4 58. h5 Kf5 59. Kh2 Kg5 60. Rb6 Rc7 61. a6 bxa6 62. Rxa6 Kxh5 63. Ra8 Rb7 64. Rf8 Kg5 65. Rg8+ Kf6 66. Rf8+ Kg5 67. Rg8+ Kh5 68. Rf8 Rh7 69. Kg2 Rg7+ 70. Kf2 Kg5 71. Rc8 Rg6 72. Rf8 Rh6 73. Rg8+ Kf5 74. Rf8+ Rf6 75. Re8 Kg6 76. Re7 Rd6 77. Rc7 Re6 78. Rc8 Kf7 79. Rc7+ Ke8 80. Rc8+ Ke7 81. Rc7+ Kf6 82. Rc8 Rd6 83. Rf8+ Kg5 84. Rg8+ Kf5 85. Rf8+ Rf6 86. Re8 Kg6 87. Re7 Rd6 88. Rc7 Re6 89. Rc8 Rf6 90. Rc7 Rd6 91. Rc8 Re6 92. Rc7 Kg5 93. Rc8 Rg6 94. Rf8 Rf6 95. Rg8+ Kh6 96. Rg4 Kh5 97. Kf1 Rf8 98. Kf2 Rf7 99. Kf1 Rf6 100. Kf2 Rf8 101. Kf1 Rf7 102. Kf2 Rf6 1/2-1/2

[Event "Tata Steel-A 76th"]
[Site "Wijk aan Zee"]
[Date "2014.01.26"]
[Round "11"]
[White "Gelfand, Boris"]
[Black "Harikrishna, Pentala"]
[Result "1-0"]
[WhiteElo "2777"]
[BlackElo "2706"]
[Annotator "Marin,Mihail"]
[PlyCount "93"]
[EventDate "2014.01.11"]
[EventType "tourn"]
[EventRounds "11"]
[EventCountry "NED"]
[EventCategory "20"]
[SourceTitle "CBM 159"]
[Source "ChessBase"]
[SourceDate "2014.03.17"]
[SourceVersion "1"]
[SourceVersionDate "2014.03.17"]
[SourceQuality "1"]

1. c4 e6 2. Nc3 d5 3. d4 Nf6 4. cxd5 exd5 5. Bg5 c6 6. Qc2 ({With a slightly different move order, the game could transpose to the tabiya examined in my article for CBM 156:} 6. e3 Be7 7. Bd3 Nbd7 8. Nf3 h6 9. Bh4 O-O 10. Qc2 Re8 11. O-O Ne4) 6... Be7 7. e3 Nbd7 8. Bd3 h6 9. Bh4 Nh5 ({If} 9... O-O {White could consider deviating from the variation above with} 10. Nge2 {although I am not sure if this really offers him any profit.}) 10. Bxe7 Qxe7 11. O-O-O {White decides to prepare the knight's natural development to f3.} ({The main alternative is} 11. Nge2 Nb6 12. O-O (12. h3 Bd7 13. O-O-O O-O-O 14. Kb1 Kb8 15. Rc1 Rhe8 $11 {Balla,T (2376)-Marin,M (2560) Mamaia 2013 (0-1, 53)}) (12. O-O-O Bg4 $5) 12... O-O 13. Rab1 a5 {Leko,P (2737)-Adams,M (2740) Dortmund 2013 CBM 156 [Marin,M] (1/2, 27)}) (11. Nf3 $6 Nf4) 11... Nb6 12. h3 (12. Nf3 Bg4) 12... Be6 ({The plan} 12... g6 13. Nf3 Ng7 {aiming at exchanging the bishops with ...f5, does not work out too well in this variation:} 14. Rhe1 Be6 15. Kb1 O-O-O (15... Bf5 16. Bxf5 $16 Nxf5 $2 17. e4 $18) 16. Ne5 Rhe8 (16... Bf5 17. e4 dxe4 18. Bxe4 $14 Qc7 19. Bxf5+ Nxf5 20. d5 $36 cxd5 21. Qb3 $18 {[%csl Gc8,Gf7][%cal Gc3b5]}) 17. g4 $14 {Schandorff,L (2537)-Lund,S (2431) Borup 2008 (1-0, 54)}) 13. Nf3 O-O-O 14. Kb1 {White starts a slow but consistent queenside attack.} Kb8 15. Rc1 (15. Ne5 Nf6 16. Rc1 (16. f4 Nfd7 17. Nf3 {Le Quang,L (2647)-Chiraranjan,B (1912) New Delhi 2010 (1-0, 37)} f6 $5 $11 {[%csl Ge3]}) 16... Rc8 17. Ka1 Rc7 18. Na4 Nxa4 19. Qxa4 Nd7 20. Nxd7+ Bxd7 21. Rhd1 c5 22. Qa3 Rhc8 23. dxc5 Rxc5 24. Rxc5 Rxc5 25. Bb1 Be6 26. Qb4 Qc7 27. h4 a5 28. Qd4 f6 29. g3 {1/2 Tomashevsky,E (2706)-Andreikin,D (2716) Tromso 2013}) 15... Nf6 {It is a good idea to return with the knight into play as soon as possible.} ({If} 15... Rc8 16. Na4 Nxa4 17. Qxa4 {there would be nothing better than} Nf6 {anyway.} 18. Rc3 $1 {The only way to take advantage of the delayed knight manoeuvre. True, things are not entirely clear since Black has defensive resources, but White can count on a slight edge.} (18. Rc5 $6 {This loses a tempo allowing Black to normalise his position.} Nd7 19. Rc3 Nb6 20. Qa5 Rc7 21. Ra3 Nc8 22. Rc1 f6 23. Nh4 Qd7 24. Ng6 Re8 25. g4 h5 $11 {Enchev,I (2445)-Todorov,O (2252) Sunny Beach 2013 (1/2, 31)}) 18... Ne4 19. Ra3 a6 $5 (19... b6 20. Bxe4 dxe4 21. Ne5 Bd5 22. Rc1 $16) 20. Bxa6 $1 bxa6 21. Qxa6 Nd6 (21... Kc7 22. Ne5 Kd6 23. Rc1 Qc7 24. Ka1 {[%cal Ga3b3]} f6 25. Rb3 fxe5 26. Rb7 $16) 22. Rb3+ Nb5 23. a4 Bf5+ 24. Ka2 (24. Kc1 {defends c2, but places the king on a dangerous file.} Qa7 25. Qxa7+ Kxa7 26. axb5 cxb5+ 27. Rc3 Kb6 {[%cal Gb5b4]}) 24... Bc2 (24... Qa7 25. axb5 $18 {and} cxb5 {arrives without check with respect to the previous line.}) 25. axb5 Bxb3+ 26. Kxb3 Qa7 27. Qxa7+ Kxa7 28. Ra1+ Kb6 29. bxc6 f6 30. Ne1 Rxc6 31. Nd3 $14) 16. Na4 (16. Nd2 Ne8 17. Nb3 Nd6 18. Nc5 Qf6 19. Rhe1 h5 20. a4 {1/2 Levin,E (2488)-Kim,A (2460) Peterhof 2008}) 16... Ne4 $5 $146 {As far as I know, not only a new move in this concrete position, but also a new way of reacting to c3-a4 in general.} (16... Nxa4 17. Qxa4 {would have transposed to an earlier game.} Nd7 18. Rc3 (18. Qa5 Nb6 19. Ne5 {does not bring in anything concrete in view of} Nd7 $5) 18... Nb6 19. Qa5 f6 (19... Nc4 $5) 20. Rhc1 (20. Ra3 Nc8 21. Rc1 Qc7 22. Qa4 Bd7 23. Qb4 g5 {[%cal Gc7d6,Gc8d6]}) 20... Nc4 21. Qc5 (21. Bxc4 dxc4 22. Ra3 b6 $15 {[%cal Ge6d5]}) 21... Qxc5 (21... Qc7 $5 $11) 22. dxc5 Ne5 23. Nd4 Nxd3 24. Rxd3 Rhe8 25. Kc2 Kc7 26. Kd2 Bd7 27. b4 {Kovacevic,B (2454)-Ascic,P (2347) Neum 2003 (0-1, 73). White has the more pleasant position, but he did not manage to prove a convincing way to an advantage; quite the opposite, in fact...}) 17. Bxe4 dxe4 18. Ne5 ({White does not get anything by attacking e4:} 18. Nd2 Nxa4 19. Qxa4 Rd5 20. Ka1 Rb5 21. Qc2 (21. Nxe4 Bb3 $5 22. axb3 Qxe4 23. Rhg1 Qf5 {[%cal Gb5a5,Gf5f2]} 24. d5 $8 Qxd5 $15) 21... f5 22. Nc4 Bxc4 ({Or maybe the bishop is not really "bad" and it would be worth keeping it?} 22... Rd8 23. Ne5 Ra5 $36) 23. Qxc4 Rd8 $15 {[%cal Gd8d5] Unlike in the game, White cannot activate his rook with c1-c5 and Black stays in the control of the position.}) 18... Nxa4 19. Qxa4 {In the endgame, Black may have problems because the knight could exploit the slight weakening of the dark squares, but in the middlegame things are at least unclear.} Rd5 20. Rc3 Rb5 21. Ra3 $146 ({RR} 21. Rhc1 Rd5 22. f4 Rhd8 23. Qa3 Qh4 24. Rc5 Rxc5 25. Qxc5 Qf6 {½-½ (25) Korobkov,P (2416)-Pranav,A (2024) Moscow 2018}) 21... a5 {The most natural answer, but not the only one.} (21... a6 $5 22. Qxa6 f6 (22... Qb4 {transposes}) 23. Ng6 (23. Qa8+ $2 Kc7 24. Qxh8 Qxa3 $19) 23... Qb4 24. Qa7+ Kc7 25. b3 Bc4 26. Nf4 Bd3+ 27. Nxd3 exd3 $13) (21... Qb4 {would be an invitation to transposing to the same variation, but some players may dislike the ending after} 22. Qxb4 Rxb4 23. Rc3) 22. Rc3 Rd8 23. Rhc1 Qb4 (23... f6 {offers White some attacking chances.} 24. Nxc6+ ({If} 24. Rxc6 Rdd5 25. Rxe6 Qxe6 26. Nc4 {White's compensation is less clear.}) (24. Ng6 Qb4 25. Qc2 Bf7 26. Nf4 g5 27. Ne2 $13) 24... bxc6 25. Rxc6 $44) 24. Qc2 Bd5 25. Qe2 f6 26. Nc4 (26. Ng6 Bf7 27. Nf4 g5 $36 {[%csl Ge2]}) 26... Bxc4 {Once again, it is a good question whether Black needed this exchange. His bishop is a perfect link between the structures on the opposing wings and it can serve for attacking purposes.} (26... Qe7 $5) 27. Rxc4 Qe7 28. Rc5 Rxc5 29. Rxc5 {White has finally obtained some micro-initiative, but Black could have extinguished it with just one accurate move.} Qc7 $6 {This allows White too much play out of nothing.} (29... Rd5 $1 30. Rxd5 cxd5 31. Qb5 {Black might have thought he would just lose a pawn here, but:} Qd6 $1 32. Qxa5 Qh2 $11 {White can give perpetual check now or he can delay this result for a while, but the draw is inevitable anyway.} 33. Qxd5 Qg1+ 34. Kc2 Qxf2+ 35. Kb3 Qxe3+ 36. Kb4 $11) 30. Qg4 $36 b6 $6 (30... Re8 31. Qg3 (31. d5 $2 Re5) 31... Qxg3 (31... a4 32. Qxc7+ Kxc7 33. Ra5 b5 $2 34. Ra7+ $18) 32. fxg3 a4 33. Kc2 {[%cal Gc2c3,Gc3b4]}) 31. Rc4 Re8 32. d5 $1 c5 33. Rxe4 Rd8 34. Qh5 Qd7 35. Re6 Qxd5 36. Qxd5 Rxd5 37. Kc2 $1 {A strong prophylactic move.} ({The ending resulting after} 37. Rxb6+ Ka7 38. Rb5 Ka6 39. a4 Rd2 {is far from clear.}) 37... Kc7 {Allowing the transposition to a lost pawn ending, but there is no satisfactory defence:} (37... Rg5 38. g4 Kc7 39. f4 Rd5 40. Re7+ Rd7 41. Rxd7+ Kxd7 42. a4 $18) (37... b5 38. Rb6+ Ka7 39. Rxb5 Ka6 40. a4 $18 {[%csl Gd2]}) 38. Re7+ Rd7 39. Rxd7+ Kxd7 40. a4 $1 $18 {The engines'  on level 27 is amusing. Even schoolboys should know that White should win due to his mobile kingside majority compared to the semi-blocked black majority.} Kc6 41. Kc3 b5 42. axb5+ Kxb5 43. e4 g5 44. g3 h5 45. f4 gxf4 46. gxf4 c4 47. e5 1-0

[Event "Candidates final"]
[Site "El Escorial"]
[Date "1993.??.??"]
[Round "13"]
[White "Timman, Jan H"]
[Black "Short, Nigel D"]
[Result "1/2-1/2"]
[WhiteElo "2635"]
[BlackElo "2655"]
[Annotator "Ftacnik,Lubomir"]
[PlyCount "78"]
[EventDate "1993.01.??"]
[EventType "match"]
[EventRounds "13"]
[EventCountry "ESP"]
[SourceTitle "Candidates"]
[Source "ChessBase"]
[SourceDate "1999.07.01"]
[SourceVersion "2"]
[SourceVersionDate "1999.07.01"]
[SourceQuality "1"]

1. c4 e6 2. Nc3 d5 3. d4 Nf6 4. cxd5 exd5 5. Bg5 c6 6. Qc2 Be7 7. e3 Nbd7 8. Bd3 O-O 9. Nge2 Re8 10. O-O g6 (10... Nf8 11. f3 (11. a3 $5 g6 12. b4 $36 {Granda Zuniga-Garcia Padron/1991/}) 11... Nh5 12. Bxe7 Rxe7 $5 (12... Qxe7 13. e4 dxe4 14. fxe4 {Ivanchuk,V-Yusupov,A/Brussels/1991/}) 13. Qd2 Ne6 14. Rad1 g6 $13 {Timman,J-Short,N/Amsterdam/1992/}) 11. f3 Nh5 12. Bxe7 Qxe7 13. e4 Nb6 14. e5 c5 15. g4 (15. Bb5 cxd4 16. Bxe8 dxc3 17. Ba4 cxb2 $44) ({RR} 15. Bb5 Rd8 16. f4 a6 17. Ba4 Bg4 18. Kh1 Rac8 19. Qd1 cxd4 20. Qxd4 Nxa4 21. Qxa4 b5 22. Qxa6 b4 23. h3 bxc3 24. hxg4 cxb2 25. Rab1 Qh4+ 26. Kg1 Qxg4 27. Rxb2 d4 28. Qd3 Ng7 29. a4 Nf5 {Meirkhanuly,A (2277)-Garcia Correa,J (2103) chess.com INT 2026 1-0 (37)}) 15... Ng7 16. Nf4 Be6 $146 ({RR} 16... cxd4 17. Nfxd5 Qxe5 18. Rae1 Qd6 19. Ne4 Rxe4 20. fxe4 Nxd5 21. exd5 Bxg4 22. Qf2 Qxd5 23. Be4 Qxa2 24. Qxd4 Be6 25. Re3 Qc4 26. Qxc4 Bxc4 27. Rc1 Be6 28. Rc7 Ne8 29. Rxb7 Nd6 30. Rb4 Nxe4 31. Rexe4 {Pindado Campos,R (2073)-Barez Menendez,H (2066) Madrid 2022 ½-½ (37)}) ({RR} 16... cxd4 17. Nfxd5 Qxe5 18. Rae1 Qd6 19. Ne4 Rxe4 20. fxe4 Nxd5 21. exd5 Bxg4 22. Qf2 Qxd5 23. Be4 Qxa2 24. Qxd4 Be6 25. Re3 Qc4 26. Qxc4 Bxc4 27. Rc1 Be6 28. Rc7 Ne8 29. Rxb7 Nd6 30. Rb4 Nxe4 31. Rexe4 {Pindado Campos,R (2073)-Barez Menendez,H (2066) Madrid 2022 ½-½ (37)}) 17. Qf2 Rec8 18. Nfe2 Bd7 19. Rae1 Ne6 20. f4 $6 cxd4 21. Nxd4 Nxd4 22. Qxd4 Bxg4 23. e6 fxe6 24. f5 Qc5 $1 (24... gxf5 25. Bxf5 Bxf5 26. Rxf5 $13) 25. Qxc5 Rxc5 26. fxg6 hxg6 27. Rf6 Rc7 28. Nb5 Rg7 29. Nd4 Nd7 30. Rf4 Bf5 31. Nxe6 Bxe6 (31... Re8 32. Bxf5 (32. Nxg7 Rxe1+ 33. Kf2 Bxd3) 32... gxf5+ 33. Nxg7 Rxe1+ 34. Kf2) 32. Rxe6 Nc5 33. Re3 Nxd3 34. Rxd3 Rd7 35. Rfd4 Rad8 36. Kg2 Re8 37. Rxd5 Rxd5 38. Rxd5 Re2+ 39. Kg3 Rxb2 $17 1/2-1/2

[Event "Interpolis-03"]
[Site "Tilburg"]
[Date "1979.11.10"]
[Round "7"]
[White "Timman, Jan H"]
[Black "Spassky, Boris Vasilievich"]
[Result "1/2-1/2"]
[WhiteElo "2625"]
[BlackElo "2640"]
[Annotator "Ftacnik,Lubomir"]
[PlyCount "97"]
[EventDate "1979.11.01"]
[EventType "tourn"]
[EventRounds "11"]
[EventCountry "NED"]
[EventCategory "15"]
[SourceTitle "MCL"]
[Source "ChessBase"]
[SourceDate "1999.07.01"]
[SourceVersion "1"]
[SourceVersionDate "1999.07.01"]
[SourceQuality "1"]

1. d4 d5 2. c4 e6 3. Nc3 Nf6 4. cxd5 exd5 5. Bg5 Be7 6. e3 O-O 7. Bd3 Nbd7 8. Qc2 Re8 9. Nf3 Nf8 10. O-O c6 11. Bxf6 Bxf6 12. b4 a6 (12... Bg4 13. Nd2 Rc8 {Karpov-Korchnoi/Baguio WM-ch/1978 } 14. b5 c5) 13. a4 g6 ({RR} 13... Ng6 14. Bf5 Qd6 15. Rab1 Bxf5 16. Qxf5 Qe6 {½-½ (16) Gofshtein,L (2495)-Milov,V (2590) Tel Aviv 1994}) 14. b5 a5 ({RR} 14... axb5 15. axb5 Bd7 16. bxc6 bxc6 17. Na4 Ne6 18. Nc5 Nxc5 19. Qxc5 Qe7 20. Qxe7 Bxe7 21. Ne5 Rxa1 22. Rxa1 Be6 23. Nxc6 Bd6 24. Ne5 Rc8 25. f4 Rc3 26. Rd1 Kg7 27. Kf2 Ra3 28. Rd2 h5 29. Be2 {Shapiro,V (2112)-Da Silva,L (2182) chess.com INT 2024 1-0 (59)}) 15. bxc6 bxc6 16. Nb1 $146 ({RR} 16. Ne2 Bd7 17. Rab1 Be7 18. Ne5 Rc8 19. Rb7 Bd6 20. Nxd7 Nxd7 21. Qb3 Re7 22. g3 Bb4 23. Qc2 c5 24. dxc5 Rxc5 25. Qd1 Ne5 26. Rxe7 Qxe7 27. Nf4 Nc4 28. Qe2 Nb6 29. Bb5 Qe4 30. Rd1 Rc2 {Arkell,K (2448)-Kurka,D (2045) Porto 2014 1-0 (40)}) ({RR} 16. Ne2 Bd7 17. Nf4 Rb8 18. Rfb1 Qe7 19. h3 Qd6 20. Qd2 Rb4 21. Bc2 Reb8 22. Nd3 Rxb1+ 23. Rxb1 Rxb1+ 24. Bxb1 Qb8 25. Bc2 Qb6 26. Nc5 Be7 27. Qc3 Bc8 28. Ne5 f6 29. Ned3 Ne6 30. Nb3 Bb4 {Afonasieva,A (2178)-Miroshnik,E (2024) Moscow 2018 1-0 (50)}) 16... Qd6 17. Nbd2 Ne6 18. Rfc1 $2 (18. Nb3 $14) 18... c5 $1 $15 19. Bb5 Re7 20. dxc5 Nxc5 21. Nd4 Bxd4 22. exd4 Ne6 23. Qc6 Qxc6 24. Bxc6 Bb7 25. Nb3 Bxc6 26. Rxc6 Rb8 $15 27. Rc3 Reb7 28. Nxa5 Rb1+ 29. Rc1 Rxa1 30. Rxa1 Nxd4 $17 {×Sa5, a4} 31. f3 Rb4 32. Ra2 Kg7 33. Kf2 Kf6 34. Ke3 Ne6 35. Nc6 Rc4 36. Nb8 d4+ 37. Ke2 Nc5 38. a5 Nb3 39. Nd7+ Kg7 (39... Ke7 40. Nb6 Rc3 $4 41. Nd5+) (39... Ke6 40. a6 Nc1+ 41. Kd2 Nxa2 42. a7) 40. Rb2 Rc3 (40... Nxa5 41. Kd3 $10) 41. Ne5 (41. a6 d3+ $19) 41... Nxa5 42. Rb5 Ra3 $6 (42... Nb3) 43. f4 Kf6 44. g4 Ke6 45. g5 Re3+ 46. Kf2 Nb3 47. Nf3 Kd6 48. Rb7 Nc5 49. Nxd4 1/2-1/2

[Event "FIDE Grand Swiss"]
[Site "Samarkand"]
[Date "2025.09.08"]
[Round "5"]
[White "Sadhwani, Raunak"]
[Black "Kuzubov, Yuriy"]
[Result "1/2-1/2"]
[WhiteElo "2676"]
[BlackElo "2600"]
[PlyCount "83"]
[EventDate "2025.09.04"]
[EventType "swiss"]
[EventRounds "11"]
[EventCountry "UZB"]
[SourceTitle "Mega2025 Update 46"]
[Source "Chessbase"]
[SourceDate "2025.09.19"]
[SourceVersion "1"]
[SourceVersionDate "2025.09.19"]
[SourceQuality "1"]

1. d4 Nf6 2. c4 e6 3. Nc3 d5 4. cxd5 exd5 5. Bg5 c6 6. e3 Be7 7. Bd3 Nbd7 8. Qc2 O-O 9. Nf3 Re8 10. O-O Nf8 11. h3 {11.Bxf6 is setting a new trend. 11.Lxf6 setzt einen neuen Trend.} Be6 12. Bf4 N6d7 ({RR} 12... Bd6 13. Bxd6 Qxd6 14. a3 Qe7 15. b4 Rac8 16. Rfc1 N6d7 17. Ne2 Ng6 18. Ng3 Ndf8 19. Nd2 Nh4 20. Nb3 Qg5 21. Kh2 Rc7 22. Nc5 Bc8 23. Re1 g6 24. Rac1 h5 25. b5 Nxg2 26. Kxg2 h4 27. bxc6 {Karpov,A (2705)-Beliavsky,A (2585) Tilburg 1986 0-1 (36)}) ({RR} 12... Rc8 13. Rad1 Bd6 14. a3 Qc7 15. Bxd6 Qxd6 16. b4 a6 17. Na4 Rcd8 18. Nc5 Bc8 19. a4 Ng6 20. Ra1 Qe7 21. b5 axb5 22. axb5 Ne4 23. Rfc1 Qf6 24. bxc6 Qxc6 25. Rab1 Qf6 26. Nxe4 dxe4 27. Bxe4 {Navara,D (2657)-Shubhi Gupta (2187) chess.com INT 2025 1-0 (35)}) 13. Rab1 $146 ({RR} 13. Bh2 g6 14. Ne2 Nb6 15. Nf4 Bd6 16. Kh1 f6 17. Nxe6 Rxe6 18. Bg1 Qe7 19. g4 Re8 20. Rae1 Qg7 21. Nh2 Qh6 22. Kg2 g5 {½-½ (22) Polugaevsky,L (2595)-Nogueiras Santiago,J (2555) Zagreb 1987}) 13... a5 14. a3 Rc8 15. Rfc1 b5 $146 (15... Ng6 16. Bg3 Ngf8 17. Ne2 Nf6 18. Nf4 Bd6 19. b4 axb4 20. axb4 Bd7 21. Ne2 Be6 22. Bxd6 Qxd6 {½-½ Wells,P (2493)-Pinter,J (2501) AUT-chT 0304 2003 (8)}) 16. a4 b4 17. Ne2 Qb6 18. Qd1 Red8 19. Bh2 Nf6 20. b3 Ne4 21. Rc2 Nd7 22. Rbc1 c5 23. dxc5 Ndxc5 24. Nfd4 Bh4 25. Nf4 Nxd3 26. Nxd3 Nc3 27. Qf3 Be7 28. Be5 Bd7 29. Nf4 Rc5 30. Nd3 Rcc8 31. Ne2 Qa6 32. Bxc3 Qxd3 33. Nf4 Qf5 34. g4 Qe4 35. Qxe4 dxe4 36. Bd4 Bd6 37. Bb6 Rxc2 38. Rxc2 Rb8 39. Bxa5 Bxf4 40. exf4 Be6 41. Rb2 f5 42. gxf5 1/2-1/2

[Event "EU-chT 25th"]
[Site "Batumi"]
[Date "2025.10.13"]
[Round "8.37"]
[White "Wojtaszek, Radoslaw"]
[Black "Nguyen, Thai Dai Van"]
[Result "1-0"]
[WhiteElo "2654"]
[BlackElo "2664"]
[PlyCount "77"]
[EventDate "2025.10.05"]
[EventType "team-swiss"]
[EventRounds "9"]
[EventCountry "RUS"]
[SourceTitle "Mega2025 Update 50"]
[Source "Chessbase"]
[SourceDate "2025.10.20"]
[SourceVersion "1"]
[SourceVersionDate "2025.10.20"]
[SourceQuality "1"]
[WhiteTeam "Poland"]
[BlackTeam "Czech Republic"]
[WhiteTeamCountry "POL"]
[BlackTeamCountry "CZE"]

1. d4 d5 2. c4 e6 3. Nf3 Nf6 4. Nc3 Nbd7 5. cxd5 exd5 6. Bg5 c6 7. e3 Be7 8. Qc2 Nh5 {is currently scoring better than 8...0-0. wohl besser als 8...0-0.} 9. Bxe7 Qxe7 10. h3 g6 ({RR} 10... Nhf6 11. Bd3 Nb6 12. O-O O-O 13. Ne5 c5 14. dxc5 Qxc5 15. Rfd1 Be6 16. Rac1 Rac8 17. Nf3 Nc4 18. b3 Na5 19. Qb2 Qe7 20. Nd4 Nc6 21. Ncb5 Nxd4 22. Qxd4 a6 23. Nc3 Rc7 24. b4 Rfc8 25. Ne2 {Cheparinov,I (2713)-Stellwagen,D (2625) Wijk aan Zee 2008 1-0 (50)}) 11. Be2 ({RR} 11. O-O-O Nb6 12. g4 Ng7 13. Bd3 Be6 14. e4 dxe4 15. Bxe4 O-O 16. Rde1 Qd6 17. Kb1 Rae8 18. Qc1 Nd5 19. Ne5 f6 20. Nd3 Bf7 21. Bxd5 Bxd5 22. Rxe8 Rxe8 23. Re1 Rxe1 24. Qxe1 Ne6 25. Qe3 Nxd4 {Peyrer,K (2496)-Kozak,A (2546) Doha QAT 2025 0-1 (43)}) 11... Ng7 12. g4 $146 ({RR} 12. Bd3 Nf6 13. g4 Be6 14. Ne5 Nd7 15. O-O-O O-O 16. f4 f5 17. h4 Nxe5 18. dxe5 Qc5 19. h5 Qxe3+ 20. Kb1 fxg4 21. hxg6 h5 22. Ne2 c5 23. Qc1 Qxc1+ 24. Rxc1 c4 25. Bc2 Rad8 26. Rcd1 d4 {Tan,Z (2495)-Harika,D (2526) Chengdu 2016 0-1 (36)}) 12... Nb6 13. O-O-O Be6 14. Kb1 O-O-O 15. a4 $146 (15. Ka1 Ne8 16. Rc1 f5 17. Ne5 Nf6 18. Na4 Rd6 19. Nc5 Kb8 20. Qb3 Bc8 21. Qb4 {1-0 Kelecevic,N (2177)-Doll,A (2127) Verbandsliga Suedbaden 1920 2019 (7.2)}) 15... h5 16. Ne5 Nd7 17. Nd3 Ne8 18. Nf4 Ndf6 19. g5 Ng8 20. e4 Qxg5 21. Ncxd5 Bxd5 22. Nxd5 Kb8 23. h4 Qg2 24. Nf4 Qxf2 25. Nd3 Qf6 26. Nc5 Qe7 27. Rh3 Ka8 28. Rb3 b6 29. Na6 Qb7 30. a5 b5 31. Nb4 Ne7 32. a6 Qb6 33. Rc3 Nd6 34. e5 Nc4 35. Bxc4 bxc4 36. Rxc4 Rc8 37. d5 c5 38. d6 cxb4 39. dxe7 1-0